| 000 | 00783nam a2200241Ia 4500 | ||
|---|---|---|---|
| 003 | GCL | ||
| 008 | 140319s9999 xx 000 0 ara d | ||
| 040 |
_aGCL / _cGCL |
||
| 082 | 0 | 4 |
_a001.5 _bب ا |
| 100 | 1 | _aفؤاد كامل (مترجم) | |
| 245 | 1 | 0 |
_aالاتصال بالجماهير / _cفؤاد كامل (مترجم) |
| 700 | 1 | _aانور المشرى (مترجم) | |
| 700 | 1 | _aصلاح عزالدين (مترجم) | |
| 700 | 1 | _aبارنو، اريك | |
| 260 |
_a[S.N] : _bمكتبة مصر ، _c1980 |
||
| 300 | _a416 ص | ||
| 490 |
_aمكتبة الفنون الدرامية _v0 |
||
| 650 | 0 | 4 | _aالصحافة |
| 650 | 0 | 4 | _aالاتصال |
| 650 | 0 | 4 | _aوسائل الاعلام |
| 650 | 0 | 4 | _aالوسائل السمعية والبصرية |
| 942 |
_2ddc _cBK |
||
| 999 |
_c35832 _d35832 |
||